[Event "FRA-chT"]
[Site "FRA"]
[Date "1996.??.??"]
[Round "?"]
[White "Vaisman, Volodia"]
[Black "Chabanon, Jean Luc"]
[Result "1/2-1/2"]
[WhiteElo "2385"]
[BlackElo "2435"]
[PlyCount "35"]
[EventDate "1996.??.??"]
[Source "ChessBase"]

1. e4 d6 2. d4 Nf6 3. Nc3 g6 4. Nf3 Bg7 5. Be2 O-O 6. O-O c6 7. a4 Nbd7 8. h3
Qc7 9. Be3 b6 10. Qd2 Bb7 11. Bh6 e5 12. Rad1 Rad8 13. Bg5 exd4 14. Nxd4 Rde8
15. Bf3 Ne5 16. Be2 Ned7 17. Bf3 Ne5 18. Be2 1/2-1/2

[Event "FRA-chT"]
[Site "FRA"]
[Date "1996.??.??"]
[Round "?"]
[White "Vaisman, Volodia"]
[Black "Degraeve, Jean Marc"]
[Result "1/2-1/2"]
[WhiteElo "2385"]
[BlackElo "2515"]
[PlyCount "67"]
[EventDate "1996.??.??"]
[Source "ChessBase"]

1. d4 Nf6 2. Nf3 g6 3. Nc3 d5 4. Bf4 Bg7 5. e3 O-O 6. Be2 Bg4 7. h3 Bxf3 8.
Bxf3 c6 9. h4 Nfd7 10. h5 e5 11. dxe5 Nxe5 12. hxg6 hxg6 13. Be2 Nbd7 14. Bh6
Nb6 15. Bxg7 Kxg7 16. Qd4 Qf6 17. f4 Ned7 18. O-O-O Rh8 19. g4 Rxh1 20. Rxh1
Qxd4 21. exd4 Re8 22. g5 Na4 23. Bd3 Nxc3 24. bxc3 Nf8 25. f5 gxf5 26. Bxf5 Re3
27. Kb2 b6 28. Rg1 c5 29. Rg4 Rf3 30. Bc8 c4 31. Bb7 Rf5 32. Bc8 Rf3 33. Bb7
Rf5 34. Bc8 1/2-1/2

[Event "FRA-chT"]
[Site "FRA"]
[Date "1996.??.??"]
[Round "?"]
[White "Vaisman, Volodia"]
[Black "Desbones, Samy"]
[Result "1-0"]
[WhiteElo "2385"]
[BlackElo "2245"]
[PlyCount "49"]
[EventDate "1996.??.??"]
[Source "ChessBase"]

1. d4 Nf6 2. Nc3 d5 3. Bg5 Nbd7 4. e3 g6 5. Be2 Bg7 6. h4 c6 7. h5 Nxh5 8. Bxh5
gxh5 9. Qxh5 Qa5 10. Nf3 h6 11. Bh4 Rg8 12. O-O-O Nb6 13. Nd2 Bd7 14. Bg3 Bf8
15. Rh4 Rg5 16. Qf3 h5 17. Nb3 Qb4 18. a3 Qc4 19. Qf4 Bh6 20. Qc7 Bg4 21. f3
Rc8 22. Qxb7 Bf5 23. Nd2 Rxg3 24. Nxc4 dxc4 25. Rxh5 1-0

[Event "FRA-chT"]
[Site "FRA"]
[Date "1996.??.??"]
[Round "?"]
[White "Vaisman, Volodia"]
[Black "Eusebe, Aurelien"]
[Result "1-0"]
[WhiteElo "2385"]
[BlackElo "2145"]
[PlyCount "129"]
[EventDate "1996.??.??"]
[Source "ChessBase"]

1. d4 Nf6 2. Nf3 e6 3. Bg5 Be7 4. Nbd2 d5 5. e3 O-O 6. Bd3 c5 7. c3 Nbd7 8. Ne5
h6 9. Bf4 cxd4 10. exd4 Nxe5 11. dxe5 Nd7 12. Nf3 Nc5 13. Bc2 Bd7 14. O-O Ne4
15. Nd4 Bg5 16. Bxg5 Qxg5 17. f4 Qe7 18. Bxe4 dxe4 19. Qe2 Bc6 20. Nxc6 bxc6
21. Qxe4 Qc5+ 22. Qd4 Qb5 23. c4 Qb4 24. a3 Rad8 25. axb4 Rxd4 26. b3 Rb8 27.
Rxa7 Rxb4 28. Rf3 Rd1+ 29. Kf2 Rd2+ 30. Kg3 Rb2 31. Ra3 Kh7 32. Kh3 h5 33. Rd3
Rb7 34. Rg3 Kh6 35. Ra8 Kh7 36. Rc8 R7xb3 37. Rxc6 Rxg3+ 38. hxg3 Kg6 39. Rc7
Rb1 40. g4 Rh1+ 41. Kg3 hxg4 42. Kxg4 Rc1 43. Rc6 Kh7 44. Kg5 Rc3 45. g4 Rg3
46. Rc7 Kg8 47. Rc8+ Kh7 48. Rf8 Rc3 49. Rxf7 Rxc4 50. Re7 Rc6 51. Rd7 Rc8 52.
Re7 Rc6 53. f5 exf5 54. gxf5 Kg8 55. e6 Rc1 56. Re8+ Kh7 57. Ra8 Re1 58. Kf4 g6
59. Kg5 gxf5 60. Kf6 f4 61. Ra3 Kg8 62. e7 f3 63. Rxf3 Re2 64. Rg3+ Kh7 65. Rg5
1-0

[Event "FRA-chT"]
[Site "FRA"]
[Date "1996.??.??"]
[Round "?"]
[White "Vaisser, Anatoli"]
[Black "Bricard, Emmanuel"]
[Result "1-0"]
[WhiteElo "2565"]
[BlackElo "2475"]
[PlyCount "59"]
[EventDate "1996.??.??"]
[Source "ChessBase"]

1. d4 Nf6 2. c4 c5 3. d5 e5 4. Nc3 d6 5. e4 Be7 6. Bd3 O-O 7. h3 Na6 8. f4 exf4
9. Bxf4 Re8 10. g4 Nd7 11. Nf3 Nf8 12. Qd2 Ng6 13. g5 Bf8 14. Bg3 Nb8 15. Qh2
a6 16. h4 Bg4 17. h5 Ne7 18. g6 fxg6 19. hxg6 h6 20. e5 dxe5 21. O-O Bf5 22.
Qc2 Bxd3 23. Qxd3 e4 24. Nxe4 Nf5 25. d6 Qc8 26. Rae1 Nxg3 27. Qd5+ Kh8 28.
Neg5 hxg5 29. Nxg5 Ne2+ 30. Kf2 1-0

[Event "FRA-chT"]
[Site "FRA"]
[Date "1996.??.??"]
[Round "?"]
[White "Vaisser, Anatoli"]
[Black "Legky, Nikolay A"]
[Result "0-1"]
[WhiteElo "2565"]
[BlackElo "2540"]
[PlyCount "90"]
[EventDate "1996.??.??"]
[Source "ChessBase"]

1. d4 d5 2. c4 e6 3. Nc3 Nf6 4. cxd5 exd5 5. Bg5 c6 6. e3 Be7 7. Bd3 Nbd7 8.
Qc2 Nh5 9. Bxe7 Qxe7 10. Nge2 g6 11. O-O-O f5 12. Kb1 O-O 13. Rde1 Ndf6 14. Nd1
Be6 15. f3 Rae8 16. h3 Ng7 17. g4 Rc8 18. Rhg1 Nd7 19. Nf4 Qd6 20. Nc3 Rce8 21.
Nce2 Rf7 22. Ng3 fxg4 23. hxg4 Rxf4 24. exf4 Qxf4 25. Qf2 Rf8 26. Rgf1 Bxg4 27.
Re7 Qf6 28. Re2 Qxf3 29. Qxf3 Bxf3 30. Re7 Bg4 31. Rxf8+ Kxf8 32. Re1 Kf7 33.
Kc2 h5 34. Ne2 Ne6 35. Kc3 Nf6 36. Rf1 Kg7 37. Nf4 Nxf4 38. Rxf4 g5 39. Rf1
Ne4+ 40. Kc2 h4 41. Bxe4 dxe4 42. Rg1 h3 43. Rxg4 h2 44. Rxg5+ Kh6 45. Rg8 Kh7
0-1

[Event "FRA-chT"]
[Site "FRA"]
[Date "1996.??.??"]
[Round "?"]
[White "Vaisser, Anatoli"]
[Black "Nataf, Igor Alexandre"]
[Result "1-0"]
[WhiteElo "2565"]
[BlackElo "2305"]
[PlyCount "85"]
[EventDate "1996.??.??"]
[Source "ChessBase"]

1. d4 Nf6 2. c4 g6 3. Nc3 Bg7 4. e4 d6 5. f4 O-O 6. Nf3 c5 7. d5 b5 8. cxb5 a6
9. a4 axb5 10. Bxb5 Ba6 11. Bd2 Bxb5 12. axb5 Nbd7 13. O-O Rxa1 14. Qxa1 Qb8
15. Qe1 e6 16. dxe6 fxe6 17. e5 Nh5 18. exd6 Qxd6 19. g3 e5 20. fxe5 Nxe5 21.
Nxe5 Bxe5 22. Rxf8+ Kxf8 23. Bh6+ Ke7 24. Kg2 Kd7 25. Qe4 Nf6 26. Qb7+ Ke6 27.
Qa6 Kd7 28. Qxd6+ Bxd6 29. b3 Kc7 30. Na4 Nd5 31. Kf3 Kb7 32. Be3 Nc7 33. Nxc5+
Bxc5 34. Bxc5 Nxb5 35. Kf4 Kc6 36. b4 Kd5 37. Kg5 Ke4 38. Kh6 Kf3 39. Kxh7 g5
40. Kh6 g4 41. Kg5 Na3 42. Kh4 Nc4 43. b5 1-0

[Event "FRA-chT"]
[Site "FRA"]
[Date "1996.??.??"]
[Round "?"]
[White "Vareille, Francois"]
[Black "Bolding, Klaus"]
[Result "1-0"]
[WhiteElo "2400"]
[BlackElo "2305"]
[PlyCount "113"]
[EventDate "1996.??.??"]
[Source "ChessBase"]

1. d4 g6 2. Nf3 Bg7 3. g3 b6 4. Bg2 Bb7 5. O-O Nf6 6. c4 O-O 7. Nc3 Ne4 8. Nxe4
Bxe4 9. d5 c6 10. Bh3 cxd5 11. Ng5 h6 12. Nxe4 dxe4 13. Qd5 Na6 14. Qxe4 Nc5
15. Qc2 Rc8 16. Be3 Ne6 17. Rad1 Qc7 18. b3 Kh7 19. Rd5 Qb7 20. Rfd1 d6 21. f4
Rcd8 22. f5 Nc7 23. fxg6+ fxg6 24. R5d2 Ne8 25. Bg2 Qc8 26. Bd4 Bxd4+ 27. Rxd4
Qf5 28. Qxf5 Rxf5 29. Re4 Rf7 30. Rf4 Nf6 31. Bd5 Rff8 32. Be6 Nh5 33. Rf3 Kg7
34. b4 Nf6 35. Ra3 Ra8 36. e4 a5 37. bxa5 Rxa5 38. Rxa5 bxa5 39. e5 dxe5 40. c5
Ne4 41. c6 Nc5 42. Bh3 e6 43. Rc1 Na6 44. c7 Rc8 45. Rc6 Rxc7 46. Rxa6 Rc1+ 47.
Bf1 Kf6 48. Rxa5 e4 49. Kf2 e3+ 50. Ke2 Rc2+ 51. Kxe3 Rxh2 52. Bc4 Rg2 53. Kf3
Rc2 54. Bb3 Rc3+ 55. Kf2 e5 56. Rb5 e4 57. a4 1-0

[Event "FRA-chT"]
[Site "FRA"]
[Date "1996.??.??"]
[Round "?"]
[White "Vareille, Francois"]
[Black "Chevallier, Didier"]
[Result "1/2-1/2"]
[WhiteElo "2400"]
[BlackElo "2300"]
[PlyCount "71"]
[EventDate "1996.??.??"]
[Source "ChessBase"]

1. d4 Nf6 2. c4 Nc6 3. Nf3 e6 4. Nc3 Bb4 5. e3 d6 6. Bd2 a5 7. Bd3 e5 8. d5 Nb8
9. Bc2 c6 10. dxc6 Nxc6 11. Nd5 Bc5 12. a3 O-O 13. Bc3 g6 14. O-O Nxd5 15. cxd5
Ne7 16. b4 axb4 17. axb4 Rxa1 18. Qxa1 Bb6 19. Bb3 h6 20. Nd2 Kh7 21. Kh1 Bd7
22. Nc4 Bb5 23. Rd1 Bxc4 24. Bxc4 Qc7 25. Bb3 Rc8 26. Bxe5 dxe5 27. d6 Qd8 28.
dxe7 Qxe7 29. g3 Rd8 30. Rxd8 Bxd8 31. Qa4 Kg7 32. Bd5 h5 33. Qb5 b6 34. h4 Bc7
35. Kg2 Bd6 36. Qxb6 1/2-1/2

[Event "FRA-chT"]
[Site "FRA"]
[Date "1996.??.??"]
[Round "?"]
[White "Vareille, Francois"]
[Black "Kallai, Gabor"]
[Result "1/2-1/2"]
[WhiteElo "2400"]
[BlackElo "2500"]
[PlyCount "24"]
[EventDate "1996.??.??"]
[Source "ChessBase"]

1. d4 d5 2. c4 dxc4 3. e3 Nf6 4. Bxc4 e6 5. Nf3 c5 6. O-O a6 7. dxc5 Bxc5 8. a3
b5 9. Bd3 Bb7 10. b4 Bd6 11. Bb2 Nc6 12. Qe2 O-O 1/2-1/2

[Event "FRA-chT"]
[Site "FRA"]
[Date "1996.??.??"]
[Round "?"]
[White "Vareille, Francois"]
[Black "Lepelletier, Benoit"]
[Result "1/2-1/2"]
[WhiteElo "2400"]
[BlackElo "2460"]
[PlyCount "46"]
[EventDate "1996.??.??"]
[Source "ChessBase"]

1. d4 Nf6 2. c4 e6 3. Nc3 Bb4 4. e3 b6 5. Nge2 Ba6 6. a3 Bxc3+ 7. Nxc3 d5 8. b3
O-O 9. Be2 Nc6 10. a4 Re8 11. Bb2 dxc4 12. bxc4 e5 13. d5 Na5 14. Nb5 Nb7 15.
O-O Nc5 16. Ra3 Nfe4 17. Qc2 Nd6 18. Bd3 Nxd3 19. Qxd3 Bb7 20. e4 Qd7 21. Rc1
Ba6 22. f3 Nb7 23. Rac3 Nc5 1/2-1/2

[Event "FRA-chT"]
[Site "FRA"]
[Date "1996.??.??"]
[Round "?"]
[White "Vareille, Francois"]
[Black "Renet, Olivier"]
[Result "1/2-1/2"]
[WhiteElo "2400"]
[BlackElo "2505"]
[PlyCount "79"]
[EventDate "1996.??.??"]
[Source "ChessBase"]

1. d4 Nf6 2. Nf3 d5 3. c4 e6 4. Nc3 c6 5. e3 Nbd7 6. Qc2 Bd6 7. e4 dxe4 8. Nxe4
Nxe4 9. Qxe4 c5 10. Be2 Nf6 11. Qd3 cxd4 12. Nxd4 Bd7 13. O-O Qc7 14. h3 Rd8
15. Be3 O-O 16. Rac1 a6 17. Qb3 Bc5 18. Rfd1 Bc8 19. Nc2 b6 20. Bxc5 bxc5 21.
Ne1 Bb7 22. Bf3 Bxf3 23. Nxf3 h6 24. Qc3 Rd6 25. b4 cxb4 26. Qxb4 Rxd1+ 27.
Rxd1 Ne4 28. Qe1 Nc5 29. Qe5 Rc8 30. Qxc7 Rxc7 31. Rd8+ Kh7 32. Rd6 Ne4 33.
Rxa6 Rxc4 34. Ne5 Rc1+ 35. Kh2 f6 36. Nd3 Rd1 37. Rxe6 Rxd3 38. Rxe4 Rd2 39.
Kg3 Rxa2 40. Kf3 1/2-1/2

[Event "FRA-chT"]
[Site "FRA"]
[Date "1996.??.??"]
[Round "?"]
[White "Vareille, Francois"]
[Black "Tersarkissoff, Jean Jacques"]
[Result "1-0"]
[WhiteElo "2400"]
[BlackElo "2140"]
[PlyCount "80"]
[EventDate "1996.??.??"]
[Source "ChessBase"]

1. d4 d5 2. c4 dxc4 3. Nf3 a6 4. e3 e6 5. Bxc4 c5 6. O-O Nf6 7. Qe2 b5 8. Bd3
Nbd7 9. b3 Bb7 10. Bb2 Be7 11. Nbd2 Qb8 12. a4 O-O 13. axb5 axb5 14. Bxb5 Rd8
15. Bc4 cxd4 16. Bxd4 Bb4 17. Rxa8 Bxa8 18. Ra1 h6 19. Nf1 Nd5 20. Qb2 Bf8 21.
Ng3 N7b6 22. Bb5 Nc8 23. Be2 Bc6 24. Nh5 f6 25. Bc4 Be8 26. Ng3 Bf7 27. e4 Ndb6
28. Bxf6 gxf6 29. Qxf6 Re8 30. Ng5 Qc7 31. Nxe6 Bxe6 32. Bxe6+ Kh7 33. Bf5+ Kg8
34. Rd1 Qg7 35. Qc6 Re7 36. Bxc8 Nxc8 37. Qxc8 Rc7 38. Qe6+ Kh8 39. h3 Re7 40.
Qd5 Rc7 1-0

[Event "FRA-chT"]
[Site "FRA"]
[Date "1996.??.??"]
[Round "?"]
[White "Vasseur, Patrick"]
[Black "Coupet, Pascal"]
[Result "1/2-1/2"]
[WhiteElo "2180"]
[BlackElo "2295"]
[PlyCount "28"]
[EventDate "1996.??.??"]
[Source "ChessBase"]

1. d4 f5 2. Nf3 Nf6 3. Bf4 g6 4. e3 Bg7 5. Nbd2 c5 6. c3 Nc6 7. dxc5 Qa5 8. Nb3
Qa4 9. Nfd4 a6 10. Be2 e5 11. Nxc6 exf4 12. Ncd4 fxe3 13. f3 O-O 14. O-O Re8
1/2-1/2

[Event "FRA-chT"]
[Site "FRA"]
[Date "1996.??.??"]
[Round "?"]
[White "Vasseur, Patrick"]
[Black "Laclau, Daniel"]
[Result "0-1"]
[WhiteElo "2180"]
[BlackElo "2310"]
[PlyCount "94"]
[EventDate "1996.??.??"]
[Source "ChessBase"]

1. d4 d5 2. Nf3 Nf6 3. e3 g6 4. Bd3 Bg7 5. O-O O-O 6. Nbd2 c5 7. c3 Nbd7 8. e4
dxe4 9. Nxe4 Nxe4 10. Bxe4 Nf6 11. Bc2 cxd4 12. cxd4 Be6 13. Qe2 Rc8 14. Re1
Qb6 15. Bb3 Bxb3 16. axb3 e6 17. Qd3 a6 18. Bd2 Qc6 19. Ne5 Qc2 20. Rec1 Qxd3
21. Nxd3 Nd5 22. Be3 Rfe8 23. Kf1 Rxc1+ 24. Rxc1 e5 25. dxe5 Nxe3+ 26. fxe3
Bxe5 27. Nxe5 Rxe5 28. Ke2 Rb5 29. Rc3 Kg7 30. Kf3 Kf6 31. e4 Ke5 32. Rd3 h5
33. h4 Rb4 34. Rd5+ Ke6 35. Rd3 Ke5 36. Rd5+ Ke6 37. Rd3 f6 38. g3 Rb5 39. Kf4
g5+ 40. hxg5 fxg5+ 41. Kf3 Ke5 42. Ke3 b6 43. Kf3 a5 44. Ke3 g4 45. Rd5+ Rxd5
46. exd5 Kxd5 47. Kf4 Kc5 0-1

[Event "FRA-chT"]
[Site "FRA"]
[Date "1996.??.??"]
[Round "?"]
[White "Vasseur, Patrick"]
[Black "Moulain, Jean Pierre"]
[Result "1/2-1/2"]
[WhiteElo "2180"]
[BlackElo "2185"]
[PlyCount "68"]
[EventDate "1996.??.??"]
[Source "ChessBase"]

1. d4 Nf6 2. Nf3 e6 3. e3 c5 4. Bd3 Nc6 5. c3 d5 6. Nbd2 Bd6 7. dxc5 Bxc5 8.
O-O O-O 9. e4 e5 10. Qe2 Qc7 11. exd5 Nxd5 12. Bxh7+ Kxh7 13. Qe4+ Kg8 14. Qxd5
Be7 15. Re1 Be6 16. Qe4 f5 17. Qe2 e4 18. Nf1 g6 19. Ng5 Bd5 20. Ne3 Bxa2 21.
Nc2 Bb3 22. h4 Ne5 23. Bf4 Bd6 24. Nd4 Bc4 25. Qc2 Rfe8 26. Bxe5 Bxe5 27. Rad1
a6 28. g3 b5 29. Qc1 Bxg3 30. fxg3 Qxg3+ 31. Kh1 Qxh4+ 32. Kg2 Qg4+ 33. Kh2 e3
34. Ndf3 Qh5+ 1/2-1/2

[Event "FRA-chT"]
[Site "FRA"]
[Date "1996.??.??"]
[Round "?"]
[White "Vaugeois, Cyrille"]
[Black "Eustache, Boris"]
[Result "0-1"]
[WhiteElo "2180"]
[BlackElo "2080"]
[PlyCount "56"]
[EventDate "1996.??.??"]
[Source "ChessBase"]

1. c4 e6 2. Nf3 Nf6 3. g3 Be7 4. Bg2 O-O 5. O-O d5 6. b3 c6 7. Bb2 Nbd7 8. Qc2
a5 9. a3 Bd6 10. cxd5 exd5 11. d3 Re8 12. Re1 Qb6 13. Nbd2 Bc5 14. d4 Bd6 15.
Nh4 Nf8 16. e4 dxe4 17. Nc4 Qd8 18. Bxe4 Ng6 19. Nxg6 hxg6 20. Nxd6 Qxd6 21.
Bg2 Be6 22. Bc3 Bd5 23. b4 Bxg2 24. Kxg2 axb4 25. axb4 Qd5+ 26. Kg1 Rxe1+ 27.
Rxe1 Ra2 28. Qd3 Qb3 0-1

[Event "FRA-chT"]
[Site "FRA"]
[Date "1996.??.??"]
[Round "?"]
[White "Velikov, Petar"]
[Black "Karr, Jean Philipp"]
[Result "1-0"]
[WhiteElo "2475"]
[BlackElo "2325"]
[PlyCount "74"]
[EventDate "1996.??.??"]
[Source "ChessBase"]

1. Nf3 Nf6 2. g3 d5 3. Bg2 Bg4 4. c4 c6 5. cxd5 cxd5 6. Ne5 Bf5 7. Qa4+ Nbd7 8.
Nc3 e6 9. g4 Bc2 10. Nxf7 Bxa4 11. Nxd8 Rxd8 12. Nxa4 b5 13. Nc3 b4 14. Na4 Bd6
15. h3 Ke7 16. d3 Rc8 17. Be3 Rc2 18. Kd1 Rhc8 19. Rc1 Rxc1+ 20. Bxc1 Nb6 21.
Nxb6 axb6 22. Bd2 Ra8 23. Kc2 Rxa2 24. Kb3 Ra5 25. Rc1 h6 26. d4 Nd7 27. f3 Nb8
28. e3 Kd7 29. f4 Nc6 30. Bf1 Be7 31. Bd3 Kd6 32. Be1 Ra8 33. Bb5 Na5+ 34. Kxb4
Bf8 35. Bh4 Ra7 36. Rc8 Be7 37. Bg3 Bf8 1-0

[Event "FRA-chT"]
[Site "FRA"]
[Date "1996.??.??"]
[Round "?"]
[White "Verat, Laurent"]
[Black "Chabanon, Jean Luc"]
[Result "0-1"]
[WhiteElo "2280"]
[BlackElo "2435"]
[PlyCount "80"]
[EventDate "1996.??.??"]
[Source "ChessBase"]

1. d4 Nf6 2. c4 e6 3. g3 c5 4. d5 exd5 5. cxd5 d6 6. Nc3 g6 7. Bg2 Bg7 8. Nf3
O-O 9. O-O a6 10. a4 Nbd7 11. Bf4 Qe7 12. h3 Nh5 13. Bg5 f6 14. Bd2 f5 15. Qc1
Ne5 16. Bh6 Nxf3+ 17. Bxf3 f4 18. Bxg7 Nxg7 19. g4 h5 20. Kg2 hxg4 21. hxg4 Bd7
22. Qc2 Bf5 23. gxf5 Qg5+ 24. Kh2 Kf7 25. fxg6+ Ke7 26. Bg2 Rh8+ 27. Kg1 Rh6
28. Ne4 Qh5 29. Rfd1 Rxg6 30. Nxc5 dxc5 31. Qxc5+ Kf7 32. Qc7+ Kg8 33. d6 f3
34. Qc4+ Kh7 35. exf3 Qh3 36. Qf1 Nf5 37. Rd4 Nxd4 38. Ra3 Re8 39. Rc3 Nxf3+
40. Rxf3 Rxg2+ 0-1

[Event "FRA-chT"]
[Site "FRA"]
[Date "1996.??.??"]
[Round "?"]
[White "Verat, Laurent"]
[Black "Cursoux, Laurent"]
[Result "1/2-1/2"]
[WhiteElo "2280"]
[BlackElo "2100"]
[PlyCount "45"]
[EventDate "1996.??.??"]
[Source "ChessBase"]

1. d4 Nf6 2. c4 c5 3. d5 b5 4. cxb5 a6 5. bxa6 Bxa6 6. Nc3 g6 7. e4 Bxf1 8.
Kxf1 d6 9. Nf3 Nbd7 10. g3 Bg7 11. Kg2 O-O 12. Re1 Ng4 13. Bf4 Qa5 14. Qe2 Rfb8
15. Rab1 Nge5 16. Nxe5 Nxe5 17. Red1 Rb4 18. Bd2 Rab8 19. b3 c4 20. bxc4 Rxb1
21. Rxb1 Rxb1 22. Nxb1 Qxa2 23. Nc3 1/2-1/2

[Event "FRA-chT"]
[Site "FRA"]
[Date "1996.??.??"]
[Round "?"]
[White "Verat, Laurent"]
[Black "Guillon, Cyril"]
[Result "1-0"]
[WhiteElo "2280"]
[BlackElo "2220"]
[PlyCount "97"]
[EventDate "1996.??.??"]
[Source "ChessBase"]

1. d4 f5 2. Bg5 g6 3. h4 h6 4. Bc1 d6 5. Nc3 Nf6 6. e3 e5 7. dxe5 dxe5 8. Qxd8+
Kxd8 9. Nf3 Nbd7 10. Bc4 e4 11. Nd4 Ne5 12. Be6 Bxe6 13. Nxe6+ Kd7 14. Nxf8+
Rhxf8 15. b3 Rad8 16. Ba3 Rfe8 17. Rd1+ Kc8 18. Rxd8+ Kxd8 19. Ke2 a6 20. Rd1+
Kc8 21. Bb2 b6 22. Ke1 Ned7 23. Ne2 g5 24. Nd4 f4 25. hxg5 hxg5 26. Ke2 Ne5 27.
Rh1 Nfg4 28. Rh7 fxe3 29. fxe3 Nf6 30. Rg7 g4 31. Nf5 Kd8 32. Nh6 Kc8 33. Bxe5
Rxe5 34. Nxg4 Nxg4 35. Rxg4 Kd7 36. Rf4 Kd6 37. g4 Kd5 38. Kd2 b5 39. Rf8 Rg5
40. Rf4 c5 41. Ke2 c4 42. Kf2 cxb3 43. cxb3 Rg8 44. Rf5+ Ke6 45. Kg3 Rc8 46.
Kf4 Rc2 47. a4 Rb2 48. axb5 Rxb3 49. bxa6 1-0

[Event "FRA-chT"]
[Site "FRA"]
[Date "1996.??.??"]
[Round "?"]
[White "Verdier, Patrice"]
[Black "Degraeve, Jean Marc"]
[Result "1-0"]
[WhiteElo "2280"]
[BlackElo "2515"]
[PlyCount "47"]
[EventDate "1996.??.??"]
[Source "ChessBase"]

1. d4 Nf6 2. c4 g6 3. Nc3 Bg7 4. e4 d6 5. f4 O-O 6. Nf3 Na6 7. Be2 e5 8. O-O
exd4 9. Nxd4 Nc5 10. Bf3 Re8 11. e5 dxe5 12. fxe5 Nfd7 13. e6 Nxe6 14. Nxe6
Rxe6 15. Bd5 Rf6 16. Bg5 Rxf1+ 17. Qxf1 Qf8 18. Re1 c6 19. Be7 Bd4+ 20. Kh1 Qg7
21. Bg5 Qf8 22. Be7 Qg7 23. Bd6 Nf6 24. Qxf6 1-0

[Event "FRA-chT"]
[Site "FRA"]
[Date "1996.??.??"]
[Round "?"]
[White "Verdier, Patrice"]
[Black "Garcia, Olivier"]
[Result "1-0"]
[WhiteElo "2280"]
[BlackElo "2250"]
[PlyCount "90"]
[EventDate "1996.??.??"]
[Source "ChessBase"]

1. d4 g6 2. c4 Bg7 3. Nc3 d6 4. e4 Nd7 5. f4 e5 6. fxe5 dxe5 7. d5 Ne7 8. Nf3
O-O 9. Bg5 h6 10. Bh4 g5 11. Bf2 f5 12. exf5 Nxf5 13. Bd3 Nf6 14. Qc2 Ng4 15.
Bc5 Rf7 16. Qd2 b6 17. Bg1 Nd6 18. O-O-O Rf4 19. Qe2 Qf6 20. Ne4 Nxe4 21. Bxe4
Bf5 22. Bxf5 Qxf5 23. h3 e4 24. Nd4 Bxd4 25. hxg4 Bxb2+ 26. Qxb2 Qg6 27. Be3
Rxg4 28. Rdf1 Rh4 29. Rxh4 gxh4 30. Qf6 Qxf6 31. Rxf6 Kg7 32. Rc6 Rg8 33. Rxh6
Kf7 34. Rxh4 Rxg2 35. Rxe4 Rxa2 36. Bg5 Ra4 37. Kc2 b5 38. Rf4+ Kg6 39. cxb5
Ra5 40. Bd8 Rxb5 41. Kc3 Rc5+ 42. Kb4 Rc1 43. Rc4 a5+ 44. Kc5 Rxc4+ 45. Kxc4 a4
1-0

[Event "FRA-chT"]
[Site "FRA"]
[Date "1996.??.??"]
[Round "?"]
[White "Verdier, Patrice"]
[Black "Roos, Louis"]
[Result "0-1"]
[WhiteElo "2280"]
[BlackElo "2375"]
[PlyCount "98"]
[EventDate "1996.??.??"]
[Source "ChessBase"]

1. d4 e6 2. Nf3 f5 3. g3 Nf6 4. Bg2 Be7 5. O-O O-O 6. c4 d5 7. b3 c6 8. Ba3
Nbd7 9. Qc1 Ne4 10. Bxe7 Qxe7 11. Qb2 b6 12. Na3 Bb7 13. Rac1 Rac8 14. Ne5 Nxe5
15. dxe5 f4 16. Bxe4 dxe4 17. c5 Ba6 18. Nc4 fxg3 19. hxg3 Bxc4 20. Rxc4 b5 21.
Rxe4 Qxc5 22. b4 Qd5 23. Re3 c5 24. Rd3 Qc4 25. Rd7 cxb4 26. Rxa7 Qc3 27. Qb3
Qxe5 28. Re7 Rc4 29. Qd3 Rc3 30. Qd1 Rxg3+ 31. fxg3 Qxg3+ 32. Kh1 Rxf1+ 33.
Qxf1 Qh4+ 34. Kg2 Qxe7 35. Qf4 e5 36. Qf5 g6 37. Qc8+ Kg7 38. Qb8 Qg5+ 39. Kf2
Qf4+ 40. Kg2 Qe4+ 41. Kf2 Qd5 42. Kg3 b3 43. Qc7+ Kf6 44. Qxh7 bxa2 45. Qh8+
Kf5 46. Qf8+ Ke4 47. Qf3+ Kd4 48. Qd3+ Kc5 49. Qa3+ Kb6 0-1

[Event "FRA-chT"]
[Site "FRA"]
[Date "1996.??.??"]
[Round "?"]
[White "Vincent, Patrick"]
[Black "Bouton, Christophe"]
[Result "1-0"]
[WhiteElo "2225"]
[BlackElo "2190"]
[PlyCount "75"]
[EventDate "1996.??.??"]
[Source "ChessBase"]

1. d4 d5 2. c4 e6 3. Nc3 c5 4. cxd5 exd5 5. e4 dxe4 6. Bc4 Nc6 7. Nge2 cxd4 8.
Nxe4 Bb4+ 9. Kf1 Nf6 10. Ng5 O-O 11. Nf4 Ne5 12. Bb3 Bf5 13. h4 Rc8 14. Bd2
Bxd2 15. Qxd2 Nc4 16. Qd1 Qd6 17. g3 Bg4 18. Qd3 b5 19. Re1 a5 20. f3 Bd7 21.
Rh2 Qc5 22. g4 g6 23. Rhe2 Rfe8 24. Kg1 Rxe2 25. Rxe2 a4 26. Bd1 Ne3 27. Rd2
Qe5 28. Ne2 h6 29. Nh3 Rc1 30. Nf2 Be6 31. Qxd4 Qxd4 32. Rxd4 Bxa2 33. Nxc1 Bc4
34. Ne4 Nfd5 35. Kf2 f5 36. Nf6+ Kf7 37. Nxd5 Nxd5 38. Be2 1-0

[Event "FRA-chT"]
[Site "FRA"]
[Date "1996.??.??"]
[Round "?"]
[White "Vincent, Patrick"]
[Black "Estival, Alain"]
[Result "1-0"]
[WhiteElo "2225"]
[BlackElo "2165"]
[PlyCount "79"]
[EventDate "1996.??.??"]
[Source "ChessBase"]

1. d4 g6 2. c4 Bg7 3. Nc3 d6 4. e4 Nc6 5. Nge2 e5 6. d5 Nce7 7. Ng3 Nh6 8. Bd3
O-O 9. O-O f6 10. Rb1 Kh8 11. Qc2 c6 12. f3 f5 13. Bg5 f4 14. Nh1 Nf7 15. Bh4
g5 16. Bf2 h5 17. c5 Rg8 18. Bc4 cxd5 19. Nxd5 Be6 20. Nxf4 Bxc4 21. Qxc4 gxf4
22. Qxf7 Qe8 23. Qxe8 Raxe8 24. cxd6 Nc6 25. Rfd1 Bf6 26. Rd5 Bd8 27. b4 Bb6
28. Kf1 Bxf2 29. Nxf2 Re6 30. b5 Nd8 31. Nd3 Nf7 32. d7 Kg7 33. Rc1 Kf6 34. Rc7
Nd8 35. Rcc5 Nf7 36. Rc7 Nd8 37. Kf2 h4 38. Ke2 a6 39. Kf1 axb5 40. Nf2 1-0

[Event "FRA-chT"]
[Site "FRA"]
[Date "1996.??.??"]
[Round "?"]
[White "Vincent, Patrick"]
[Black "Guidez, Yann Michel"]
[Result "1/2-1/2"]
[WhiteElo "2225"]
[BlackElo "2235"]
[PlyCount "102"]
[EventDate "1996.??.??"]
[Source "ChessBase"]

1. d4 Nf6 2. c4 g6 3. Nc3 Bg7 4. e4 d6 5. Nge2 O-O 6. Ng3 c5 7. d5 e6 8. dxe6
Bxe6 9. Bd3 Nc6 10. O-O Ng4 11. Be2 h5 12. h3 Nh6 13. Bf4 Ne5 14. Nd5 h4 15.
Qd2 Bxd5 16. Bxh6 hxg3 17. Bxg7 gxf2+ 18. Rxf2 Kxg7 19. Qxd5 Qe7 20. Bd1 Rad8
21. Ba4 f6 22. Rb1 Qf7 23. b4 b6 24. Bb5 Qxd5 25. exd5 cxb4 26. Ba6 Nd3 27. Rd2
Nc5 28. Bb5 a5 29. Re1 f5 30. Re3 a4 31. g3 b3 32. a3 Kf6 33. Kg2 Ra8 34. Rde2
Ne4 35. Bc6 Ra5 36. Rxe4 fxe4 37. Rxe4 Rc5 38. Bb5 Rxb5 39. cxb5 b2 40. Rb4 Ke5
41. Rxb2 Kxd5 42. Rc2 Re8 43. Kf3 Kd4 44. Rc6 Re3+ 45. Kf4 g5+ 46. Kg4 d5 47.
Rxb6 Rxa3 48. Rg6 Rb3 49. Ra6 Ra3 50. h4 gxh4 51. gxh4 Kc5 1/2-1/2

[Event "FRA-chT"]
[Site "FRA"]
[Date "1996.??.??"]
[Round "?"]
[White "Vincent, Patrick"]
[Black "Nemety, Laslo"]
[Result "1-0"]
[WhiteElo "2225"]
[BlackElo "2170"]
[PlyCount "81"]
[EventDate "1996.??.??"]
[Source "ChessBase"]

1. d4 e6 2. c4 Ne7 3. Nc3 d5 4. Nf3 Nbc6 5. Bg5 h6 6. Bh4 g5 7. Bg3 Nf5 8. e3
h5 9. cxd5 exd5 10. Bb5 h4 11. Be5 f6 12. Qa4 Bd7 13. Nxd5 Nxe5 14. Nxe5 Bxb5
15. Qxb5+ c6 16. Nxf6+ Qxf6 17. Qxb7 Rd8 18. Rc1 Ne7 19. h3 Qd6 20. O-O Qb8 21.
Qa6 Rh6 22. Qc4 Rf6 23. Qe2 Rd5 24. Qh5+ Kd8 25. Qxg5 Qd6 26. Qxh4 c5 27. Ng4
Rg6 28. Ne5 Rf6 29. Ng4 Rg6 30. dxc5 Qc6 31. b4 Ke8 32. Qg3 Bg7 33. e4 Rh5 34.
Qb8+ Kf7 35. Qf4+ Kg8 36. Rcd1 Rgg5 37. Qd6 Qb7 38. Qe6+ Kh7 39. Rd7 Qb8 40.
Rxe7 Rxg4 41. Qxg4 1-0

[Event "FRA-chT"]
[Site "FRA"]
[Date "1996.??.??"]
[Round "?"]
[White "Vincent, Patrick"]
[Black "Olivier, Pierre"]
[Result "0-1"]
[WhiteElo "2225"]
[BlackElo "2245"]
[PlyCount "80"]
[EventDate "1996.??.??"]
[Source "ChessBase"]

1. d4 d5 2. c4 c6 3. Nc3 dxc4 4. Nf3 b5 5. a4 b4 6. Ne4 Nf6 7. Nxf6+ exf6 8. e3
Be6 9. Be2 a5 10. O-O Nd7 11. e4 Nb6 12. Be3 Be7 13. Qc2 O-O 14. Nd2 b3 15. Qc1
f5 16. f3 fxe4 17. fxe4 Bf6 18. e5 Be7 19. Nxc4 Nd5 20. Bd3 Nb4 21. Be4 Bd5 22.
Bb1 Be6 23. Rf3 Rc8 24. Nd2 f6 25. exf6 Bxf6 26. Qf1 c5 27. Ne4 Bxd4 28. Bxd4
Qxd4+ 29. Qf2 Qd1+ 30. Qf1 Qxf1+ 31. Kxf1 Bd5 32. Rxf8+ Rxf8+ 33. Kg1 c4 34.
Nf2 Re8 35. Bf5 Re2 36. Rb1 g6 37. Bg4 Rd2 38. Bh3 Nc2 39. Ng4 Kg7 40. Rf1 Nd4
0-1